Größte Städte in Brandenburg A-Z - Statistiken

Allgemein
  • Dieses Quiz wurde 232 mal gespielt
    35 seit der letzten Aktualisierung
  • Das Durchschnittsergebnis liegt bei 10 aus 22
Antwortstatistiken
# Einwohner Stadt % Korrekt
C 95.123 Cottbus
100%
P 184.754 Potsdam
100%
F 57.107 Frankfurt (Oder)
90%
B 74.113 Brandenburg an der Havel
84%
O 49.122 Oranienburg
77%
E 41.481 Eberswalde
68%
K 39.360 Königs Wusterhausen
55%
S 33.730 Schwedt (Oder)
52%
N 31.962 Neuruppin
48%
T 27.682 Teltow
48%
L 29.514 Ludwigsfelde
42%
J 12.926 Jüterbog
35%
R 25.087 Rathenow
35%
W 27.065 Werder (Havel)
35%
H 26.857 Hohen Neuendorf
29%
A 14.233 Angermünde
26%
Z 21.412 Zossen
26%
G 15.794 Guben
16%
D 8.438 Doberlug-Kirchhain
13%
V 12.727 Velten
13%
M 10.027 Mittenwalde
6%
U 4.905 Uebigau-Wahrenbrück
3%
Keine übereinstimmenden Quizze gefunden
Verteilung der Resultate
Anzahl Personen mit jedem Resultat
Perzentil nach korrekt beantworteten Fragen
Ihre Resultats-Entwicklung
Sie haben dieses Quiz seit der letzten Aktualisierung nicht gespielt